Statistics for Bottom Row Consonant Countries (ZXCVBNM)

Click here to take the quiz!

General Stats

  • This quiz has been taken 28 times
  • The average score is 3 of 7

Answer Stats

Answer% Correct
Zambia
92%
Namibia
54%
Mexico
42%
Monaco
42%
Cuba
35%
Oman
35%
Benin
31%

Score Distribution

Percentile by Number Answered

Percent of People with Each Score

Your Score History

You have not taken this quiz